000 00661nam a2200289Ia 4500
005 20260324132813.0
008 008 260324s9999 xx 000 0 eng d
020 _a9781315827957
037 _aEBOOK
040 _aCRL
040 _beng
040 _cCRL
041 _2eng
041 _aeng
084 _qCRL
100 _aTony Barnett
_91190681
245 4 _aThe Gezira Scheme
245 3 _bAn Illusion of Development
260 _bTaylor and Francis
260 _c2004
365 _a
365 _b220
856 _uhttp://www.taylorfrancis.com/books/9781315827957
942 _cEBOOK
999 _c1789101
_d1789101